Poradenstvo bude regulovať aj Európska únia pripravujú sa harmonizované pravidlá pre distribúciu finančných produktov

Jednotné zásady pre sektory finančného trhu v rámci EÚ. Dokument schválený Európskym parlamentom (Initiatives In The Area Of Retail Financial Services). Medzinárodná organizácia dohľadu nad kapitálovým trhom (IOSCO), Bazilejského výboru (BIS) a Medzinárodnej asociácie orgánov dohľadu v poisťovníctve...

Full description

Saved in:
Bibliographic Details
Main Author: Husták, Zdeněk
Format: Book Chapter
Language:Slovak
Subjects:
Tags: Add Tag
No Tags, Be the first to tag this record!

MARC

LEADER 00000naa$a2200000$$$4500
001 0098531
005 20231019090709.2
041 0 |a slo 
044 |a SK 
245 1 0 |a Poradenstvo bude regulovať aj Európska únia  |b pripravujú sa harmonizované pravidlá pre distribúciu finančných produktov  |c Zdeněk Husták 
520 |a Jednotné zásady pre sektory finančného trhu v rámci EÚ. Dokument schválený Európskym parlamentom (Initiatives In The Area Of Retail Financial Services). Medzinárodná organizácia dohľadu nad kapitálovým trhom (IOSCO), Bazilejského výboru (BIS) a Medzinárodnej asociácie orgánov dohľadu v poisťovníctve (IAIS). Informovanosť spotrebiteľov (Substitute Investment Products Call for evidence). Regulačný rámec finančných produktov (Packaged retail investment products). Komunikačné pravidlá podľa MiFID. Informačný dokument k revidovanej smernici UCITS. Legislatívne aktivity na Slovensku a v Českej republike v rámci EÚ. Zaistenie kvalitného finančného poradenstva. 
610 2 0 |a spolupráca medzinárodná 
610 2 0 |a trh kapitálový 
610 2 0 |a spotrebitelia 
610 2 0 |a Európska komisia 
610 2 0 |a trh finančný 
610 2 0 |a Európska únia 
610 2 0 |a predpisy právne 
610 2 0 |a produkty 
610 2 0 |a Slovensko 
610 2 0 |a sprostredkovatelia 
610 2 0 |a Česko 
610 2 0 |a poradenstvo finančné 
100 1 |a Husták, Zdeněk